Právne, daňové a účtovné aspekty prevzatia dlhu (záväzku) a pristúpenia k záväzku

V obchodnej praxi popri postúpení pohľadávky dochádza i k prevzatiu dlhu. Prevzatie dlhu (intercesia) v zmysle par. 531 a 532 Obchodného zákonníka. Pristúpenie k záväzku. Daňové aspekty prevzatia dlhu. Účtovné aspekty prevzatia dlhu. Účtovníctvo nového dlžníka (preberateľa). Účtovníctvo veriteľa. Úč...

Ausführliche Beschreibung

Gespeichert in:
Bibliographische Detailangaben
1. Verfasser: Vanko, Jozef
Format: Buchkapitel
Sprache:Slowakisch
Schlagworte:
Tags: Tag hinzufügen
Keine Tags, Fügen Sie das erste Tag hinzu!

MARC

LEADER 00000naa a2200000 4500
001 r030655
005 20230919081059.9
041 0 |a slo 
044 |a SK 
245 1 0 |a Právne, daňové a účtovné aspekty prevzatia dlhu (záväzku) a pristúpenia k záväzku  |c Jozef Vanko 
520 |a V obchodnej praxi popri postúpení pohľadávky dochádza i k prevzatiu dlhu. Prevzatie dlhu (intercesia) v zmysle par. 531 a 532 Obchodného zákonníka. Pristúpenie k záväzku. Daňové aspekty prevzatia dlhu. Účtovné aspekty prevzatia dlhu. Účtovníctvo nového dlžníka (preberateľa). Účtovníctvo veriteľa. Účtovanie pristúpenia k záväzku. Účtovné zobrazenie, schémy. Účtovné príklady. 
610 2 0 |a záväzky 
610 2 0 |a dlhy 
610 2 0 |a dlžníci 
610 2 0 |a vzťahy obchodné záväzkové 
610 2 0 |a zákonník obchodný 
610 2 0 |a účtovanie 
610 2 0 |a účty 
610 2 0 |a účty bankové 
100 1 |a Vanko, Jozef